Two-Dimensional Zeolitic Imidazolate Framework ZIF-L: A Promising Catalyst for Polymerization; Catalysts; Vol. 12 iss. 5

Podrobná bibliografie
Parent link:Catalysts
Vol. 12 iss. 5.— 2022.— [521, 12 p.]
Korporativní autor: Национальный исследовательский Томский политехнический университет Исследовательская школа химических и биомедицинских технологий
Další autoři: Rahaman M. A. Md Abdur, Mousavi B. Bibimaryam, Naz F. Farah, Verpoort F. V. K. Frensis Valter Kornelius
Shrnutí:Title screen
Here, for the first time, a 2D and leaf-like zeolitic imidazolate framework (ZIF-L) is reported for the synthesis of ultrahigh molecular weight (UHMW) poly(methyl methacrylate) (PMMA) with Mn up to 1390 kg mol?1. This synthesis method is a one-step process without any co-catalyst in a solvent-free medium. SEM, PXRD, FT-IR, TGA, and nitrogen sorption measurements confirmed the 2D and leaf-like structure of ZIF-L. The results of PXRD, SEM, TGA demonstrate that the catalyst ZIF-L is remarkably stable even after a long-time polymerization reaction. Zwitterionic Lewis pair polymerization (LPP) has been proposed for the catalytic performance of ZIF-L on methyl methacrylate (MMA) polymerization. This MMA polymerization is consistent with a living system, where ZIF-L could reinitiate the polymerization and propagates the process by gradually growing the polymer chains.
Jazyk:angličtina
Vydáno: 2022
Témata:
On-line přístup:https://doi.org/10.3390/catal12050521
Médium: Elektronický zdroj Kapitola
KOHA link:https://koha.lib.tpu.ru/cgi-bin/koha/opac-detail.pl?biblionumber=668911

MARC

LEADER 00000naa0a2200000 4500
001 668911
005 20250219104047.0
035 |a (RuTPU)RU\TPU\network\40148 
035 |a RU\TPU\network\40118 
090 |a 668911 
100 |a 20230202d2022 k||y0rusy50 ba 
101 0 |a eng 
102 |a CH 
135 |a drcn ---uucaa 
181 0 |a i  
182 0 |a b 
200 1 |a Two-Dimensional Zeolitic Imidazolate Framework ZIF-L: A Promising Catalyst for Polymerization  |f M. A. Rahaman, B. Mousavi, F. Naz, F. V. K. Verpoort 
203 |a Text  |c electronic 
300 |a Title screen 
320 |a [References: 67 tit.] 
330 |a Here, for the first time, a 2D and leaf-like zeolitic imidazolate framework (ZIF-L) is reported for the synthesis of ultrahigh molecular weight (UHMW) poly(methyl methacrylate) (PMMA) with Mn up to 1390 kg mol?1. This synthesis method is a one-step process without any co-catalyst in a solvent-free medium. SEM, PXRD, FT-IR, TGA, and nitrogen sorption measurements confirmed the 2D and leaf-like structure of ZIF-L. The results of PXRD, SEM, TGA demonstrate that the catalyst ZIF-L is remarkably stable even after a long-time polymerization reaction. Zwitterionic Lewis pair polymerization (LPP) has been proposed for the catalytic performance of ZIF-L on methyl methacrylate (MMA) polymerization. This MMA polymerization is consistent with a living system, where ZIF-L could reinitiate the polymerization and propagates the process by gradually growing the polymer chains. 
461 |t Catalysts 
463 |t Vol. 12 iss. 5  |v [521, 12 p.]  |d 2022 
610 1 |a электронный ресурс 
610 1 |a труды учёных ТПУ 
610 1 |a ultrahigh molecular weight polymer 
610 1 |a poly methyl methacrylate 
610 1 |a heterogeneous catalyst 
610 1 |a zeolitic imidozolate framework 
701 1 |a Rahaman  |b M. A.  |g Md Abdur 
701 1 |a Mousavi  |b B.  |g Bibimaryam 
701 1 |a Naz  |b F.  |g Farah 
701 1 |a Verpoort  |b F. V. K.  |c Chemical Engineer  |c Professor of Tomsk Polytechnic University, doctor of chemical Sciences  |f 1963-  |g Frensis Valter Kornelius  |3 (RuTPU)RU\TPU\pers\35059  |9 18334 
712 0 2 |a Национальный исследовательский Томский политехнический университет  |b Исследовательская школа химических и биомедицинских технологий  |c (2017- )  |3 (RuTPU)RU\TPU\col\23537 
801 0 |a RU  |b 63413507  |c 20230202  |g RCR 
856 4 |u https://doi.org/10.3390/catal12050521 
942 |c CF